000 00506nam a2200145Ia 4500
008 250112s9999 xx 000 0 und d
020 _a978-3-319-25591-0
100 _aHenning Christiansen, Isidora Stojanovic, George A. Papadopoulos
245 0 _aModeling and Using Context
250 _a1st ed. 2015
260 _c2015
_bSpringer International Publishing
440 _aLecture Notes in Computer Science
856 _uhttps://link.springer.com/openurl?genre=book&isbn=978-3-319-25591-0
942 _cEB
999 _c377970
_d377970